Al frente de la organización: estrategia y táctica
Shranjeno v:
| Main Authors: | , , , , , , , |
|---|---|
| Format: | Knjiga |
| Jezik: | španščina |
| Izdano: |
Barcelona
Paidós
1986
|
| Izdaja: | 1a. ed |
| Serija: | Grupos e Instituciones, 14
|
| Teme: | |
| Oznake: |
Označite
Brez oznak, prvi označite!
|
MARC
| LEADER | 00000cam a2200000 a 4500 | ||
|---|---|---|---|
| 001 | UCD6969 | ||
| 003 | CL-VaPUC | ||
| 008 | 170303e19860000sp |||||||||||||||||spa|d | ||
| 020 | |a 8475093310 | ||
| 082 | 0 | 4 | |a 158.7 |b SEL |2 21 |
| 100 | 0 | |a Selvini Palazzoli, Mara |e author |9 417103 | |
| 700 | 0 | |a Anolli, Luigi |e author |9 590877 | |
| 700 | 0 | |a Di Blasio, Paola |e author |9 590878 | |
| 700 | 0 | |a Giossi, Lucia |e author |9 590879 | |
| 700 | 0 | |a Pisano, Innocenzo |e author |9 590880 | |
| 700 | 0 | |a Ricci, Carlo |e author |9 590881 | |
| 700 | 0 | |a Sacchi, Marica |e author |9 590882 | |
| 700 | 0 | |a Ugazio, Valeria |e author |9 590883 | |
| 245 | 1 | 3 | |a Al frente de la organización: estrategia y táctica |
| 250 | |a 1a. ed | ||
| 300 | |a 270 p | ||
| 942 | |c BK | ||
| 945 | |d 20170303 17:35:00 |a arojas | ||
| 260 | |a Barcelona |b Paidós |c 1986 | ||
| 650 | 0 | |a Psicología industrial |9 271739 | |
| 650 | 7 | |a CONDUCTA ORGANIZACIONAL |2 CL-VaPUC |9 263671 | |
| 583 | |a last modification |c 20170303 17:35:00 |k Rodrigo Vera | ||
| 490 | 0 | |a Grupos e Instituciones, 14 | |
| 999 | |c 367141 |d 367139 | ||
| 952 | |0 0 |1 0 |3 erb |4 0 |6 158_700000000000000_SEL_1986 |7 0 |8 A |9 481833 |a BIBENE |b BIBENE |i 5328373 |o 158.7 SEL 1986 |p 5328373 |r 2024-01-16 |w 2019-11-24 |y BK |z Catalogado en:20170303 |k ICO | ||